000 00864nam a2200241 i 4500
001 11158
003 ES-MaACL
005 20250902014307.0
007 t|
008 930601s1993 sp |||| | spa j
020 _a84-87062-12-1
080 _a339.5(460:8=60)"14/18"
080 _a336.77:339.5(460)"14/18"
080 _a339.5(460)"14/18":336.77
100 1 _aBernal, Antonio Miguel.
_928174
245 1 3 _aLa financiación de la carrera de Indias (1492-1824)
_b: dinero y crédito en el comercio colonial español con América /
_cAntonio-Miguel Bernal.
260 _aSevilla :
_bTabapress,
_cD.L. 1993.
300 _a763 p :
_bil. col., gráf. ;
_c24 cm.
650 1 7 _aCrédito comercial-
_zEspaña
_2
_9146097
651 4 _aEspaña-
_xComercio exterior-
_zAmérica española-
_vHistoria.
_9163022
852 _aES-MaACL
_jL-18451
999 _c11158
_d11158